000 00824nam a2200241Ia 4500
003 GCL
008 140319s9999 xx 000 0 ara d
020 _a6674509953
040 _aGCL /
_cGCL
082 0 4 _a302.23
_bن إ
100 1 _aنسيم الخورى
245 1 0 _aالاعلام العربى وانهيار السلطات اللغوية /
_cنسيم الخورى
250 _aالاولى
260 _aبيروت :
_bمركز دراسات الوحدة العربية ،
_c2005
300 _a531ص ؛
_c24سم
490 _aسلسلة اطروحات الدكتوراة
_v0
650 0 4 _aوسائل الاعلام
650 0 4 _aالرأى العام
650 0 4 _aالاتصال الجماهيرى
650 0 4 _aالاعلام العربى
650 0 4 _aالاعلام - العولمة
942 _2ddc
_cBK
999 _c7485
_d7485